Enciclopedia de las ciencias filosóficas en compendio 1830
Saved in:
| Hovedforfatter: | |
|---|---|
| Andre forfattere: | |
| Format: | Bog |
| Sprog: | spansk tysk |
| Udgivet: |
Madrid
Abada Editores
2017
|
| Udgivelse: | 1a. ed |
| Fag: | |
| Tags: |
Tilføj Tag
Ingen Tags, Vær først til at tagge denne postø!
|
MARC
| LEADER | 00000cam a2200000 a 4500 | ||
|---|---|---|---|
| 001 | UCC8448 | ||
| 003 | CL-VaPUC | ||
| 005 | 20211104123159.0 | ||
| 008 | 190705e20170000sp |||||||||||||||||spa|d | ||
| 999 | |c 374776 |d 374774 | ||
| 020 | |a 9788416160570 | ||
| 040 | |c Pontificia Universidad Católica de Valparaíso | ||
| 041 | 0 | 7 | |a spa |2 CL-VaPUC |
| 041 | 0 | 7 | |a ger |2 CL-VaPUC |
| 082 | 0 | 4 | |a 193 HEG 2017 |2 21 |
| 100 | |a Hegel, Georg Wilhelm Friedrich |e autor |9 580639 | ||
| 245 | 1 | 0 | |a Enciclopedia de las ciencias filosóficas en compendio 1830 |
| 250 | |a 1a. ed | ||
| 260 | |a Madrid |b Abada Editores |c 2017 | ||
| 300 | |a 1085 p | ||
| 583 | |a last modification |c 20190705 13:21:00 |k Rodrigo Vera | ||
| 650 | 0 | |a Filosofía alemana |9 265002 | |
| 650 | 0 | |a Filosofía de la naturaleza |9 265899 | |
| 650 | 0 | |a Filosofía del espíritu |9 320175 | |
| 700 | 1 | |a Valls Plana, Ramón |e traductor |9 864048 | |
| 942 | |c BK |2 ddc | ||
| 945 | |d 20190705 13:21:00 |a dcastane | ||
| 952 | |0 0 |1 0 |3 erd |4 0 |6 193_000000000000000_HEG_2017 |7 0 |8 R |9 493487 |a BIBEDU |b BIBEDU |c MCIRC |i 5554772 |o 193 HEG 2017 |p 5554772 |r 2023-01-13 |w 2019-11-24 |y BK_R |z Catalogado en:20190705 |k FIL | ||
| 952 | |0 0 |1 0 |3 erd |4 0 |6 193_000000000000000_HEG_2017 |7 0 |8 R |9 493488 |a BIBEDU |b BIBEDU |c MCIRC |i 5554799 |l 3 |o 193 HEG 2017 |p 5554799 |r 2023-05-10 |s 2023-05-10 |w 2019-11-24 |y BK_R |z Catalogado en:20190705 |k FIL | ||